00528nam a22001697a 450000500170000002000220001703500130003903700130005210000250006524500340009025000120012426000420013630000230017894200240020199900170022595201160024220120416125351.0 a818527472Xc00.00 aA-482037 aDPLbENG aCox, Peter R.945163 aDemography /cby Peter R. Cox a5th ed. aNew DelhibUniversal Book Stallc1990 aix, 393p.c20 cms. 2ddccENh304.6mCOX c65051d65051 001040708NFICaZLSbZLSd2012-04-16g0.00l0o304.6 COXpA-482037r2012-04-16 00:00:00v0.00w2012-04-16yEN